Lanean...

Useful quasicrystals /

Xehetasun bibliografikoak
Egile nagusia: Dubois, Jean-Marie
Formatua: Printed Book
Hizkuntza:English
Argitaratua: New Jersy : World Scientific, 2005.
LEADER 00786nam a2200169Ia 4500
008 150624b xxu||||| |||| 00| 0 eng d
020 |a 9812561889 
020 |a 9812561889 
082 |a 548.81 
100 |a Dubois, Jean-Marie 
245 |a Useful quasicrystals /  |c Jean-Marie Dubois 
260 |a New Jersy :  |b World Scientific,  |c 2005. 
300 |a 482 p. 
505 |a 1. Classical and non-classical crystals 2. The reciprocal space 3. The search for enhanced mechanical properties 4. The birth of amonster 5. The quarrel of ancients and moderns 6. The world of quasicrystals 7. Recovering the periodicity 8. Organised disor 
942 |c TXT 
999 |c 55277  |d 55277 
952 |0 0  |1 0  |4 0  |6 548_810000000000000_DUB_U  |7 0  |9 55255  |a UL  |b UL  |c ST1  |d 2012-10-27  |l 0  |o 548.81 DUB/U  |p 79618  |r 2012-10-27  |w 2012-10-27  |y TXT